Central Library OPAC University of Rajshahi

শহীদ বুদ্ধিজীবী স্মরণে / (Record no. 57341)

MARC details
000 -LEADER
fixed length control field 01112nam a2200277 a 4500
001 - CONTROL NUMBER
control field 57341
003 - CONTROL NUMBER IDENTIFIER
rucl marc code BD-RjUL
005 - DATE AND TIME OF LATEST TRANSACTION
control field 20211209080510.0
008 - FIXED-LENGTH DATA ELEMENTS--GENERAL INFORMATION
fixed length control field 161208s1973 bg ||||| |||| 00| 0 ben d
020 ## - INTERNATIONAL STANDARD BOOK NUMBER
Terms of availability : Tk. 10.50
035 ## - SYSTEM CONTROL NUMBER
System control number (BD-RjUL)57465
040 ## - CATALOGING SOURCE
Original cataloging agency BD-RjUL
Language of cataloging ben
Transcribing agency BD-RjUL
Modifying agency BD-RjUL
041 ## - LANGUAGE CODE
Language code of text/sound track or separate title ben
082 ## - DEWEY DECIMAL CLASSIFICATION NUMBER
Edition number 23
Classification number 954.9205
Author mark and year SHA 1973
245 00 - TITLE STATEMENT
Title শহীদ বুদ্ধিজীবী স্মরণে /
Statement of responsibility, etc. মযহারুল ইসলাম সম্পাদিত
260 ## - PUBLICATION, DISTRIBUTION, ETC. (IMPRINT)
Place of publication, distribution, etc. ঢাকা :
Name of publisher, distributor, etc. বাংলা একাডেমী,
Date of publication, distribution, etc. ১৯৭৩.
300 ## - PHYSICAL DESCRIPTION
Pagination [১৪], ৩৩৭ পৃ. ;
Size ২১ সেমি.
490 ## - SERIES STATEMENT
Series statement বা. এ. ;
Volume/sequential designation ৪০৫
650 ## - SUBJECT ADDED ENTRY--TOPICAL TERM
Topical term or geographic name as entry element বাংলাদেশ
Geographic subdivision ইতিহাস
Chronological subdivision ১৯৭১
9 (RLIN) 170313
Topical term or geographic name as entry element Bangladesh
Geographic subdivision History
Chronological subdivision 1971
9 (RLIN) 170314
Topical term or geographic name as entry element গণহত্যা
Geographic subdivision বাংলাদেশ
Chronological subdivision ১৯৭১
9 (RLIN) 244985
Topical term or geographic name as entry element Genocide
Geographic subdivision Bangladesh
Chronological subdivision 1971
9 (RLIN) 247292
700 ## - ADDED ENTRY--PERSONAL NAME
Personal name ইসলাম, মযহারুল, সম্পাদক
830 ## - SERIES ADDED ENTRY--UNIFORM TITLE
Uniform title বা. এ. ;
Volume number/sequential designation ৪০৫
942 ## - ADDED ENTRY ELEMENTS (KOHA)
Source of classification or shelving scheme Dewey Decimal Classification
Koha item type Books
Holdings
Lost status Source of classification or shelving scheme Damaged status Not for loan Collection code Permanent Location Current Location Shelving location Date acquired Total Checkouts Full call number Date last seen Date checked out Copy number Koha item type Source of acquisition Cost, normal purchase price
  Dewey Decimal Classification     Non-fiction Central Library, University of Rajshahi Central Library, University of Rajshahi   08/12/2016 1 B 954.9205 SHA 1973 29/12/2016 10/12/2016 C-2 Books    
  Dewey Decimal Classification   Not For Loan Non-fiction Central Library, University of Rajshahi Central Library, University of Rajshahi Reading Room 02/01/1975   B 954.9205 SHA 1973 01/09/2021   C-1 Books Dacca, Bangla Academy 10.50
  Dewey Decimal Classification     Non-fiction Central Library, University of Rajshahi Central Library, University of Rajshahi   02/01/1975   B 954.9205 SHA 1973 01/09/2021   C-3 Books Dacca, Bangla Academy 10.50
  Dewey Decimal Classification     Non-fiction Central Library, University of Rajshahi Central Library, University of Rajshahi   02/01/1975   B 954.9205 SHA 1973 01/09/2021   C-4 Books Dacca, Bangla Academy 10.50
  Dewey Decimal Classification     Non-fiction Central Library, University of Rajshahi Central Library, University of Rajshahi   02/01/1975   B 954.9205 SHA 1973 01/09/2021   C-5 Books Dacca, Bangla Academy 10.50
  Dewey Decimal Classification     Non-fiction Central Library, University of Rajshahi Central Library, University of Rajshahi   02/01/1975   B 954.9205 SHA 1973 01/09/2021   C-6 Books Dacca, Bangla Academy 10.50
  Dewey Decimal Classification     Non-fiction Central Library, University of Rajshahi Central Library, University of Rajshahi   02/01/1975   B 954.9205 SHA 1973 01/09/2021   C-7 Books Dacca, Bangla Academy 10.50
  Dewey Decimal Classification     Non-fiction Central Library, University of Rajshahi Central Library, University of Rajshahi   02/01/1975   B 954.9205 SHA 1973 01/09/2021   C-8 Books Dacca, Bangla Academy 10.50
  Dewey Decimal Classification     Non-fiction Central Library, University of Rajshahi Central Library, University of Rajshahi   02/01/1975   B 954.9205 SHA 1973 01/09/2021   C-9 Books Dacca, Bangla Academy 10.50
  Dewey Decimal Classification     Non-fiction Central Library, University of Rajshahi Central Library, University of Rajshahi   02/01/1975   B 954.9205 SHA 1973 01/09/2021   C-10 Books Dacca, Bangla Academy 10.50